| 000 -LEADER |
| fixed length control field |
01541nam a2200253 a 4500 |
| 003 - CONTROL NUMBER IDENTIFIER |
| control field |
AR-BaISA |
| 005 - DATE AND TIME OF LATEST TRANSACTION |
| control field |
20240426100056.0 |
| 006 - FIXED-LENGTH DATA ELEMENTS--ADDITIONAL MATERIAL CHARACTERISTICS |
| fixed length control field |
aado|fr|||| 001 0 |
| 007 - PHYSICAL DESCRIPTION FIXED FIELD--GENERAL INFORMATION |
| fixed length control field |
ta |
| 008 - FIXED-LENGTH DATA ELEMENTS--GENERAL INFORMATION |
| fixed length control field |
240426s2011 mx ado|f |||| 001 0 spa d |
| 020 ## - INTERNATIONAL STANDARD BOOK NUMBER |
| International Standard Book Number |
9786074814750 |
| 040 ## - CATALOGING SOURCE |
| Language of cataloging |
spa |
| Transcribing agency |
AR-BaISA |
| 082 04 - DEWEY DECIMAL CLASSIFICATION NUMBER |
| Edition number |
22 |
| Classification number |
612 S58 |
| 100 ## - MAIN ENTRY--PERSONAL NAME |
| 9 (RLIN) |
3368 |
| Personal name |
Sherwood, Lauralee |
| Relator term |
aut. |
| 245 10 - TITLE STATEMENT |
| Title |
Fisiología humana: |
| Remainder of title |
de las células a los sistemas / |
| Statement of responsibility, etc. |
Lauralee Sherwood |
| 250 ## - EDITION STATEMENT |
| Edition statement |
7ª ed. |
| 260 ## - PUBLICATION, DISTRIBUTION, ETC. |
| Place of publication, distribution, etc. |
México: |
| Name of publisher, distributor, etc. |
Cengage Learning, |
| Date of publication, distribution, etc. |
2011 |
| 300 ## - PHYSICAL DESCRIPTION |
| Extent |
XXVI, [977] p. |
| Other physical details |
il., graf. fotos |
| 500 ## - GENERAL NOTE |
| General note |
Paginación indistinta al final del libro |
| 504 ## - BIBLIOGRAPHY, ETC. NOTE |
| Bibliography, etc. note |
Índice p.: I1-I30 |
| 505 ## - FORMATTED CONTENTS NOTE |
| Title |
Introducción a la fisiología y homeostasis -- |
| -- |
Fisiología celular -- |
| -- |
La membrana plasmática y el potencial de la membrana -- |
| -- |
Principios de la comunicación neuronal y hormonal -- |
| -- |
El sistema nervioso central -- |
| -- |
El sistema nervioso periférico: división aferente; sentidos especiales -- |
| -- |
El sistema nervioso periférico: la división eferente -- |
| -- |
Fisiología de los músculos -- |
| -- |
Fisiología cardíaca -- |
| -- |
Los vasos y la presión sanguínea -- |
| -- |
La sangre -- |
| -- |
Defensas corporales -- |
| -- |
El sistema respiratorio --
|
| -- |
El sistema urinario -- |
| -- |
Balance ácido-base y de electrolitos -- |
| -- |
El sistema digestivo -- |
| -- |
Balance energético y regulación térmica -- |
| -- |
Principios de endocrinología; las glándulas endocrinas centrales -- |
| -- |
Glándulas endocrinas periféricas -- |
| -- |
El sistema reproductivo |
| 650 14 - SUBJECT ADDED ENTRY--TOPICAL TERM |
| 9 (RLIN) |
31 |
| Topical term or geographic name entry element |
Fisiología humana |
| 942 ## - ADDED ENTRY ELEMENTS (KOHA) |
| Source of classification or shelving scheme |
|
| Koha item type |
Libros |
| Edition |
22 |